|
|
|
|
| LEADER |
01156nam a2200301 4500 |
| 001 |
c000345229 |
| 003 |
CARM |
| 005 |
00000000000000.0 |
| 008 |
740506s1967 iluc b 00010aeng |
| 010 |
|
|
|a 67026813 //r955
|
| 019 |
1 |
|
|a 676890
|z 3962587
|z 12419000
|5 LACONCORD2021
|
| 035 |
|
|
|a (OCoLC)354972
|5 LACONCORD2021
|
| 050 |
0 |
0 |
|a PR3412
|b .B4 1967b
|
| 082 |
0 |
0 |
|a 822/.4
|
| 100 |
1 |
|
|a Dryden, John,
|d 1631-1700.
|
| 240 |
1 |
0 |
|a Dramatic works
|
| 245 |
0 |
0 |
|a John Dryden :
|b four tragedies /
|c edited by L. A. Beaurline and Fredson Bowers.
|
| 260 |
|
|
|a Chicago :
|b University of Chicago Press,
|c [1967]
|
| 300 |
|
|
|a ix, 412 p. :
|b port. ;
|c 24 cm.
|
| 490 |
0 |
|
|a Curtain playwrights
|
| 504 |
|
|
|a Bibliography: p. 409-412.
|
| 505 |
0 |
|
|a The Indian emperour -- Aureng-Zebe -- All for love --Don Sebastian.
|
| 655 |
|
7 |
|a Tragedies.
|2 gsafd
|
| 700 |
1 |
|
|a Beaurline, L. A.
|q (Lester A.)
|
| 700 |
1 |
|
|a Bowers, Fredson,
|d 1905-
|
| 852 |
8 |
|
|b CARM
|h A1:AM16B0
|i B09476
|p 0430555
|f BK
|
| 999 |
f |
f |
|i e80ec968-1522-570c-a6f9-f715beafe1ef
|s 49364161-ddc9-5974-bd1d-08701d31b3a7
|
| 952 |
f |
f |
|p Can circulate
|a CAVAL
|b CAVAL
|c CAVAL
|d CARM 1 Store
|e B09476
|f A1:AM16B0
|h Other scheme
|i book
|m 0430555
|